000 00661nam a2200205 a 4500
999 _c48404
_d48404
001 MEB004666
005 20191016083837.0
008
020 _a9622382010 (hbk.)
100 1 _aDazhao, Zhang,
_eauthor.
245 0 _aDiagnosis and treatment of common diseases in traditional Chinese medicine /
_cZhang Dazhao and Wu Xiaolong.
260 _aHongkong :
_bHai Feng Publishing Co.,
_c1992.
300 _a184 pages ;
_c21 cm.
336 _atext
_2rdacontent.
337 _aunmediated
_2rdamedia.
338 _avolume
_2rdacarrier.
650 0 _aMedicine, Chinese.
700 _aXiaolong, Wu.,
_eauthor.
942 _2lcc
_cBK